000
00325nam a2200133Ia 4500
005
20260328101441.0
008
260328s9999||||xx |||||||||||||| ||und||
100
_a
Andronikos, Manolis
245
4
_a
The Acropolis /
_c
Manolis Andronikos
260
_b
Ekdotike Athenon
300
_a
48 p.
650
_a
ANTIGUEDAD
942
_c
BK
999
_c
8263
_d
8263